000 01549cam a22004217a 4500
003 CHAP
005 20220329142813.0
008 040128s2003 mx r 00010 spa d
010 _a88007
011 _a88979
035 _a99528
040 _cCHAP
090 _aTesis
100 0 0 _aCastellanos Rodríguez, Baldemar.
_920017
245 1 0 _aFertilización orgánica de cacahuate (Arachis hypogaea L.) bajo invernadero en Chapingo, México.
_c/ por
260 _aChapingo, Méx. :
_bEl autor,
_c2003.
300 _a40 h. :
_bgrafs.; cuadro.
502 _aTesis (Ing. Agr. Esp. en Fitotecnia) -- UACH. Departamento de Fitotecnia.
530 _aTambién disponible en línea
590 _aALEPH
_b10
_c20130110
_lUCH01
_h1456
590 _aBATCH-UPD
_b10
_c20130110
_lUCH01
_h0555
590 _aBATCH-UPD
_b10
_c20130410
_lUCH01
_h0237
590 _aBATCH-UPD
_b10
_c20130913
_lUCH01
_h1833
590 _aBATCH-UPD
_b10
_c20140324
_lUCH01
_h1442
590 _aBATCH-UPD
_b10
_c20141002
_lUCH01
_h0820
590 _aBATCH
_b00
_c20181121
_lUCH01
_h0759
590 _aCONVERSION
_b10
_c20130109
_lUCH01
_h1349
650 0 4 _aAbonos -- Efecto en cacahuate.
_9272
650 1 4 _aCacahuate.
_916848
650 1 4 _aEstiércol como fertilizante.
_938317
856 _3Finding aid
_uhttp://10.13.5.2/tesis/99528.pdf
_zTeclea aqui
856 _a1
_n0001389
901 _aBK
905 _ae.a.h.
942 _cFOLL
949 _aTesis
_bBC
_cTES
_d33724000912945
_eTS2
_fc.2
_gDonaciØn
_h40276
_i99528
_sb
949 _aTesis
_bBC
_cTES
_d99528
_eTS1
_gDonaciØn
_h40275
_i99528
_sb
999 _c88007
_d88007